|
|
|
|
| LEADER |
00000naa a2200000uu 4500 |
| 001 |
vtls010960295 |
| 003 |
SK-MaSNL |
| 005 |
20260302140732.0 |
| 008 |
220810|2001 xo |||||||||||||||||cze| |
| 015 |
|
|
|a SNBRA
|
| 035 |
|
|
|a (urnnbn)urn:nbn:sk:snk:ar-a0br7t
|
| 035 |
|
|
|a (uuid)c926117c-6800-4398-bede-4f7e2d13e793
|
| 035 |
|
|
|a urn:nbn:sk:snk-aauiwb
|
| 040 |
|
|
|a SNKBUCL
|b slo
|c SNKBUCL
|e AACR2
|
| 041 |
0 |
|
|a cze
|
| 044 |
|
|
|a xo
|c SK
|
| 100 |
1 |
|
|a Krejčí, Jaroslav,
|d 1934-1986
|4 aut
|9 238029
|
| 245 |
1 |
0 |
|a METODY STANOVENÍ NEJISTOTY PŘI MĚŘENÍ PODLE POŽADAVKŮ EVROPSKÝCH NOREM
|c Jaroslav Krejčí
|
| 246 |
3 |
|
|a METHODS OF CALCULATION OF UNCERTAINTY IN MEASUREMENT IN ACCORDANCE WITH REQUIREMENTS OF EUROPEAN STANDARDS
|
| 773 |
0 |
|
|t Agrotech Nitra 2001
|d Nitra : Slovenská poľnohospodárska univerzita, 2001
|g S. 195-200
|z 8071378747
|
| 954 |
|
|
|a odborná, vedecká literatúra cudzojazyčná (svetová)
|2 lita
|
| 958 |
|
|
|a OND
|
| 958 |
|
|
|a article11
|
| 958 |
|
|
|a chapter
|
| 999 |
|
|
|c 1332155
|d 1334085
|